书目信息 |
| 题名: |
信号检测与估计
|
|
| 作者: | 张立毅 , 张雄 , 李化 编著 | |
| 分册: | ||
| 出版信息: | 北京 清华大学出版社 2010.06 |
|
| 页数: | 211页 | |
| 开本: | 1cm | |
| 丛书名: | ||
| 单 册: | ||
| 中图分类: | TN911.23 | |
| 科图分类: | ||
| 主题词: | 通信理论 | |
| 电子资源: | ||
| ISBN: | 7-302-21550-2 | |
| 000 | 00664nam0 2200217 450 | |
| 001 | 1837249561 | |
| 005 | 20181212102154.84 | |
| 010 | @a7-302-21550-2@dCNY23.00 | |
| 100 | @a20181212d2010 km y0chiy0120 ea | |
| 101 | 0 | @achi |
| 102 | @aCN@b110000 | |
| 200 | 1 | @a信号检测与估计@Axin hao jian ce yu gu ji@f张立毅, 张雄, 李化等编著@Fzhang li yi,zhang xiong,li hua deng bian zhu |
| 210 | @a北京@c清华大学出版社@d2010.06 | |
| 215 | @a211页@d1cm | |
| 606 | 0 | @a通信理论 |
| 690 | @aTN911.23@v4 | |
| 701 | 0 | @a张立毅@Azhang li yi@4编著 |
| 701 | 0 | @a张雄@Azhang xiong@4编著 |
| 701 | 0 | @a李化@Ali hua@4编著 |
| 801 | 0 | @aCN@bMUSE@c20181212 |
| 905 | @aMUSE@dTN911.23@eZ1381 | |
| 信号检测与估计/张立毅, 张雄, 李化等编著.-北京:清华大学出版社,2010.06 |
| 211页;1cm |
| ISBN 7-302-21550-2:CNY23.00 |
| ● |
| 相关链接 |
|
|
|
正题名:信号检测与估计
索取号:TN911.23/Z1381
 
预约/预借
| 序号 | 登录号 | 条形码 | 馆藏地/架位号 | 状态 | 备注 |
| 1 | 1282181 | 212821810 | 期刊室512/301自科库 26排3列5层/ [索取号:TN911.23/Z1381] | 在馆 | |
| 2 | 1282189 | 212821892 | 自科库301/404自科库 30排1列3层/ [索取号:TN911.23/Z1381] | 在馆 |